| 000 | 00469nam a22001577a 4500 | ||
|---|---|---|---|
| 008 | 230627b |||||||| |||| 00| 0 eng d | ||
| 020 | _a1-740480-098-8 | ||
| 040 |
_aNational Science Library _cNational Science Library |
||
| 080 |
_aR 582.09 _bP5 |
||
| 245 |
_aFlora's trees and shrubs: _bIllustrated A-Z of over 8500 plants |
||
| 260 |
_aAustralia: _bGlobal Book Publishing, _c2005 |
||
| 300 | _a958p. | ||
| 650 | _aTrees | ||
| 653 | _aFlora | ||
| 942 |
_2udc _cREF |
||
| 999 |
_c47573 _d47573 |
||